Statistiken für Hauptstädte der Länder, die mit A beginnen

Klicken Sie hier um das Quiz zu spielen!

Allgemein

  • Dieses Quiz wurde 538 mal gespielt
  • Das Durchschnittsergebnis liegt bei 10 aus 13

Antwortstatistiken

A LandHauptstadt% Korrekt
ÄgyptenKairo
98%
ArgentinienBuenos Aires
95%
AustralieCanberra
95%
AlbanienTirana
94%
AlgérienAlgier
92%
AndorraAndorra la Vella
91%
AfghanistanKabul
91%
AserbaidschanBaku
80%
ÄthiopienAddis Abeba
79%
ArménienJerewan
70%
AngolaLuanda
70%
Antigua und BarbudaSaint John's
42%
ÄquatorialguineaMalabo
41%

Verteilung der Resultate

Perzentil nach korrekt beantworteten Fragen

Anzahl Personen mit jedem Resultat

Ihre Resultats-Entwicklung

Sie haben dieses Quiz noch nicht gespielt